|
|
|
|
| LEADER |
01576cas a2200241 a 4500 |
| 001 |
AALejournalIMF022575 |
| 008 |
230101c9999 xx r poo 0 0eng d |
| 020 |
|
|
|c 5.00 USD
|
| 020 |
|
|
|z 9781513598796
|
| 022 |
|
|
|a 1018-5941
|
| 040 |
|
|
|a BD-DhAAL
|c BD-DhAAL
|
| 100 |
1 |
|
|a Das, Sonali.
|
| 245 |
1 |
0 |
|a Monetary Policy in India :
|b Transmission to Bank Interest Rates /
|c Sonali Das.
|
| 264 |
|
1 |
|a Washington, D.C. :
|b International Monetary Fund,
|c 2015.
|
| 300 |
|
|
|a 1 online resource (33 pages)
|
| 490 |
1 |
|
|a IMF Working Papers
|
| 500 |
|
|
|a <strong>Off-Campus Access:</strong> No User ID or Password Required
|
| 500 |
|
|
|a <strong>On-Campus Access:</strong> No User ID or Password Required
|
| 506 |
|
|
|a Electronic access restricted to authorized BRAC University faculty, staff and students
|
| 520 |
3 |
|
|a This paper provides new evidence on the credit channel of monetary policy transmission in India. Using stepwise estimation of vector error correction models, the analysis finds significant, albeit slow, pass-through of policy rate changes to bank interest rates in India. There is evidence of asymmetric adjustment to monetary policy: the lending rate adjusts more quickly to monetary tightening than to loosening. In addition, the speed of adjustment of deposit and lending rates to changes in the policy rate has increased in recent years.
|
| 538 |
|
|
|a Mode of access: Internet
|
| 830 |
|
0 |
|a IMF Working Papers; Working Paper ;
|v No. 2015/129
|
| 856 |
4 |
0 |
|z Full text available on IMF
|u http://elibrary.imf.org/view/journals/001/2015/129/001.2015.issue-129-en.xml
|z IMF e-Library
|